El control de legalidad de las medidas excepcionales del sistema de protección : (Registro nro. 6250)
[ vista simple ]
| 000 -LEADER | |
|---|---|
| fixed length control field | 01286nab a22002297a 4500 |
| 003 - CONTROL NUMBER IDENTIFIER | |
| control field | OSt |
| 005 - DATE AND TIME OF LATEST TRANSACTION | |
| control field | 20260127210252.0 |
| 008 - FIXED-LENGTH DATA ELEMENTS--GENERAL INFORMATION | |
| fixed length control field | 190514b xxu||||| |||| 00| 0 spa d |
| 040 ## - CATALOGING SOURCE | |
| Transcribing agency | PJ |
| 100 ## - MAIN ENTRY--PERSONAL NAME | |
| 9 (RLIN) | 6961 |
| Personal name | Maurano, María Paula |
| 245 13 - TITLE STATEMENT | |
| Title | El control de legalidad de las medidas excepcionales del sistema de protección : |
| Remainder of title | una aparente rivalidad entre la autonomía administrativa y el control judicial / |
| Statement of responsibility, etc | María Paula Maurano. |
| 300 ## - PHYSICAL DESCRIPTION | |
| Extent | p. 139-148 |
| 500 ## - GENERAL NOTE | |
| General note | Cita: TR LALEY AR/DOC/2141/2025. |
| 505 ## - FORMATTED CONTENTS NOTE | |
| Formatted contents note | Sumario: I. Introducción.— II. Las instancias del sistema de protección. Las medidas de protección integral.— III. Medidas excepcionales.— IV. Conclusiones. |
| 505 ## - FORMATTED CONTENTS NOTE | |
| Title | Fallo comentado: SC Mendoza ~ 30/04/2025 ~ ETI Godoy Cruz por K. G., F. Y. X. y otros y B. K. A. s/ control de legalidad de medidas de excepción (digital todo en flex) s. recurso extraordinario provincial (ley 9423). |
| 650 #0 - SUBJECT ADDED ENTRY--TOPICAL TERM | |
| 9 (RLIN) | 967 |
| Topical term or geographic name as entry element | DERECHO DE FAMILIA |
| 650 #0 - SUBJECT ADDED ENTRY--TOPICAL TERM | |
| 9 (RLIN) | 1135 |
| Topical term or geographic name as entry element | PROCEDIMIENTO ADMINISTRATIVO |
| 650 #0 - SUBJECT ADDED ENTRY--TOPICAL TERM | |
| Topical term or geographic name as entry element | PROTECCION DE PERSONAS |
| 650 #0 - SUBJECT ADDED ENTRY--TOPICAL TERM | |
| 9 (RLIN) | 1057 |
| Topical term or geographic name as entry element | JURISPRUDENCIA APLICABLE |
| 773 0# - HOST ITEM ENTRY | |
| Host Biblionumber | 2844 |
| Host Itemnumber | 3222 |
| Place, publisher, and date of publication | Buenos Aires : AbeledoPerrot, 1989- |
| Title | Derecho de familia. Revista Interdisciplinaria de doctrina y jurisprudencia. Octubre 2025-V. |
| International Standard Book Number | 18511201 |
| 942 ## - ADDED ENTRY ELEMENTS (KOHA) | |
| Source of classification or shelving scheme | |
| Koha item type | Analítica Artículo de Revista |
No hay ítems disponibles.
